00902 a2200157 45000010006000000050017000060080041000230030015000640400040000790800038001192450059001572640043002163000019002595050439002781000027007175421320260407155812.0260407a1972 arg spa dAR-UNSa-BCEJYS aAR-UNSa-BCEJYSbspacAR-UNSa-BCEJYS a336.74xMoneda. Sistema monetario10aHistoria de las monedas metálicas y del papel moneda 1aBuenos Aires :bEdiciones Macchic1972 a226 p.c22 cm. aPrimera Parte: LA MONEDA EN EL MUNDO: 1. Creación de la moneda – 2. Evolución de la moneda – 3. Trascendencia económica y social de la moneda – 4. Sistemas monetarios – 5. La nueva unidad monetaria: D. E. G. - - Segunda Parte: LA MONEDA EN LA REPUBLICA ARGENTINA: 6. Régimen colonial Argentino – 7. Monedas y bancos Argentinos – 8. Génesis del papel moneda en la Argentina – 9. Evolución monetaria Argentina.1 aCaletti, Alberto Mario